|
|
|
|
| LEADER |
00000nam0a2200000 4500 |
| 001 |
303863 |
| 005 |
20231102001638.0 |
| 035 |
|
|
|a (RuTPU)RU\TPU\book\329097
|
| 035 |
|
|
|a RU\TPU\book\306673
|
| 090 |
|
|
|a 303863
|
| 100 |
|
|
|a 20150907d1981 km y0engy50 ba
|
| 101 |
0 |
|
|a eng
|
| 102 |
|
|
|a DE
|
| 105 |
|
|
|a a z 001zy
|
| 200 |
1 |
|
|a Jets of hadrons
|f W. Hofmann
|
| 210 |
|
|
|a Berlin
|c Springer-Verlag
|d 1981
|
| 215 |
|
|
|a 210 p.
|c il.
|
| 225 |
1 |
|
|a Springer Tracts in Modern Physics
|v Vol. 90
|
| 320 |
|
|
|a References: p. 195-202
|
| 320 |
|
|
|a Subject Index: p. 203-210
|
| 606 |
1 |
|
|a Адроны
|x Взаимодействие
|2 stltpush
|3 (RuTPU)RU\TPU\subj\1543
|9 30310
|
| 610 |
1 |
|
|a адроные струи
|
| 610 |
1 |
|
|a высокие энергии
|
| 610 |
1 |
|
|a фазовое пространство
|
| 610 |
1 |
|
|a патронные модели
|
| 610 |
1 |
|
|a партонные модели
|
| 610 |
1 |
|
|a джеты
|
| 610 |
1 |
|
|a кварки
|
| 610 |
1 |
|
|a элементарные частицы
|
| 610 |
1 |
|
|a партонное рассеяние
|
| 610 |
1 |
|
|a адрон-ядерные взаимодействия
|
| 610 |
1 |
|
|a английский язык
|
| 675 |
|
|
|a 539.126.17
|v 3
|
| 700 |
|
1 |
|a Hofmann
|b W.
|
| 801 |
|
1 |
|a RU
|b 63413507
|c 20150203
|
| 801 |
|
2 |
|a RU
|b 63413507
|c 20190916
|g RCR
|
| 942 |
|
|
|c BK
|